El desequilibrio general y el desarrollo desigual: una interpretación teórico-histórica del atraso y desarrollo de los pueblos /
Gardado en:
| Autor Principal: | |
|---|---|
| Formato: | Texto |
| Materias: | |
| Etiquetas: |
Engadir etiqueta
Sen Etiquetas, Sexa o primeiro en etiquetar este rexistro!
|
MARC
| LEADER | 00000 a a2200000 04500 | ||
|---|---|---|---|
| 001 | 41681 | ||
| 003 | |||
| 040 | |||
| 100 | |a Cruz Castellanos, Federico | ||
| 245 | |a El desequilibrio general y el desarrollo desigual: |b una interpretación teórico-histórica del atraso y desarrollo de los pueblos / |c Federico Cruz Castellanos | ||
| 650 | |a CLASES SOCIALES | ||
| 650 | |a DESIGUALDAD ECONOMICA | ||
| 650 | |a DESARROLLO ECONOMICO | ||
| 650 | |a SUBDESARROLLO | ||
| 650 | |a INDIA | ||
| 650 | |a JAPON | ||
| 773 | |g volumen4, número14 ( , 1973), páginas 21-44 | ||
| 999 | |c 29801 |d 29801 | ||
